| 000 | 00000nas 2200000za 4500 |
| 001 | 9.864329 |
| 003 | CaOODSP |
| 005 | 20221107161518 |
| 007 | cr ||||||||||| |
| 008 | 181106d19171917oncar p oss f000#b0eng|d |
| 040 | |aCaOODSP|beng |
| 041 | |aeng|afre |
| 043 | |an-cn--- |
| 086 | 1 |aCS35-205-PDF |
| 245 | 00|aPlaning mills, sash and door factories, etc. |h[electronic resource]. |
| 246 | 15|aAteliers de planage, fabriques de portes et fenêtres, etc. |
| 246 | 1 |iAt head of title: |aCensus of Industry |
| 260 | |aOttawa : |bDominion Bureau of Statistics, |c1919. |
| 300 | |a1 v. |
| 310 | |aAnnual |
| 362 | 0 |a1917. |
| 490 | 0 |aSessional paper |
| 500 | |aTitle from cover. |
| 500 | |aAt head of title: Census of Industry, 1917. Part IV, Section 3. |
| 500 | |aAdded title page: Ateliers de planage, fabriques de portes et fenêtres, etc. |
| 500 | |aDigitized edition from print [produced by Statistics Canada] |
| 546 | |aText in English and French. French text follows the English. |
| 580 | |aContinued by: Preliminary report on the sash, door & planing mill industry in Canada. |
| 692 | 07|2gccst|aWoodworking industry |
| 710 | 1 |aCanada. |bDominion Bureau of Statistics. |
| 785 | 00|tPreliminary report on the sash, door & planing mill industry in Canada |w(CaOODSP)9.864322 |
| 792 | |tPlaning mills, sash and door factories, etc. |efre|w(CaOODSP)9.864334 |